| 000 | 00890nam2a22002531 4500 | ||
|---|---|---|---|
| 001 | RU\NLR\INFOCOMM15\1000155710 | ||
| 005 | 20250617000609.0 | ||
| 035 | _a(NLR Aleph) 002301146 | ||
| 090 |
_a4227077 _c4227077 |
||
| 100 | _a20040908d1994 |||y0rusy50 ca | ||
| 101 | 0 | _arus | |
| 102 | _aRU | ||
| 105 | _ay ||||||||| | ||
| 200 | 0 | _aВып.1 | |
| 205 | _a2-е изд. | ||
| 210 |
_d1994 _aБ. м. |
||
| 461 | 0 |
_1001RU\NLR\INFOCOMM15\1000155709 _12001#$aПсихология судьбы$eСб. ст. по глубин. психологии$vВып.1 _94227063 _cЕкатеринбург _d1994- _nСудьбоаналит. о-во _oСб. ст. по глубин. психологии _tПсихология судьбы _vВып.1 |
|
| 801 | 1 |
_aRU _bInfoComm _c20040908 |
|
| 801 | 0 |
_aRU _bNLR _gPSBO |
|
| 852 |
_aNLR _jП25/229 |
||
| 942 | _cISSUE | ||
| 980 | _aNB | ||
| 980 | _aRUSPER | ||